| 000 | 00562nam a2200205Ia 4500 | ||
|---|---|---|---|
| 003 | OSt | ||
| 005 | 20230610115027.0 | ||
| 008 | 210423s2012 xx 000 0 und d | ||
| 020 | _a9788120303614 | ||
| 040 | _cAL | ||
| 041 | _aeng | ||
| 082 |
_a515.352 CODI _223 |
||
| 100 |
_aCODDINGTON (Earl A) _992427 |
||
| 245 | _aIntroduction to ordinary differential equations | ||
| 260 |
_aNew Delhi _bPHI Learning Pvt Ltd _c2012 |
||
| 300 |
_axi,292 _bPB |
||
| 365 |
_b195 _cINR |
||
| 906 | _adifferential ; equations. ; Introduction ; ordinary | ||
| 942 |
_2ddc _cBK |
||
| 999 |
_c161626 _d161626 |
||